Proč (ne)zaměstnat absolventa?
Ako postupovať pri výbere a zaškolení absolventov a mladých ľudí tak, aby bola obojstranná a dlhodobá spokojnosť na obidvoch stranách. Správny výber, príprava, realizácia a priebežná kontrola.
Uložené v:
| Hlavný autor: | |
|---|---|
| Médium: | Kapitola |
| Jazyk: | Czech |
| Predmet: | |
| Tagy: |
Žiadne tagy, Buďte prvý, kto otaguje tento záznam!
|
MARC
| LEADER | 00000naa a2200000 4500 | ||
|---|---|---|---|
| 001 | 0193021 | ||
| 005 | 20230912114205.7 | ||
| 041 | 0 | |a cze | |
| 044 | |a SK | ||
| 245 | 1 | 0 | |a Proč (ne)zaměstnat absolventa? |c Jitka Ďuricová |
| 520 | |a Ako postupovať pri výbere a zaškolení absolventov a mladých ľudí tak, aby bola obojstranná a dlhodobá spokojnosť na obidvoch stranách. Správny výber, príprava, realizácia a priebežná kontrola. | ||
| 610 | 2 | 0 | |a absolventi |
| 610 | 2 | 0 | |a pracovníci mladí |
| 610 | 2 | 0 | |a pracovníci kvalifikovaní |
| 610 | 2 | 0 | |a zamestnanie |
| 610 | 2 | 0 | |a miesta pracovné voľné |
| 610 | 2 | 0 | |a prijímanie pracovníkov |
| 610 | 2 | 0 | |a zamestnávatelia |
| 610 | 2 | 0 | |a proces pracovný |
| 100 | 1 | |a Ďuricová, Jitka | |